| 000 | 01099cam a2200217 a 4500 | ||
|---|---|---|---|
| 020 | _a0784401276 | ||
| 082 | 0 | 0 |
_a627.24 _bCAS _cL-39, P-188 |
| 245 | 0 | 0 |
_aCase histories of the design, construction, and maintenance of rubble mound structures : _bderived from a seminar held at the Eureka Inn in Eureka, California, U.S.A., May 26-27, 1994 / _csponsored by the Committee on Rubble Mound Structures of the Waterways, Port, Coastal, and Ocean Division of the American Society of Civil Engineers and the Coastal Zone Foundation ; edited by Orville T. Magoon and D.D. Davidson. |
| 260 |
_aNew York : _bThe Society, _cc1995. |
||
| 300 |
_aviii, 287 p. : _bill. ; _c22 cm. |
||
| 500 | _a"Honoring R.Y. Hudson." | ||
| 526 |
_a0 _b0 _c0 _d627_240000000000000_CAS |
||
| 650 | 0 |
_aMCE _9379 |
|
| 650 | 0 |
_aRubble mound breakwaters _xCase studies _xCongresses. _946603 |
|
| 700 | 1 |
_aDavidson, D. Donald. _946604 |
|
| 700 | 1 |
_aHudson, Robert Y. _946605 |
|
| 700 | 1 |
_aMagoon, Orville T. _946606 |
|
| 710 | 2 |
_aAmerican Society of Civil Engineers. _9702 |
|
| 710 | 2 |
_aCoastal Zone Foundation. _946607 |
|
| 942 |
_2ddc _cBK |
||
| 999 |
_c549905 _d549905 |
||